Quizzes
Events
Quiz Creation
Community
Videos
Private Events
Remove Ads
Sign In
Join for FREE
Feedback
Dark Mode
Quiz Categories
Sports
Geography
Music
Movies
Television
Just For Fun
Miscellaneous
History
Literature
Language
Science
Gaming
Entertainment
Religion
Holiday
For Kids
Quiz Lab
Recent
Popular Today
Quiz Kudos Today
Editor Picks
Curator Picks
Quizzes by...
Day
Popularity
Type
Ratings
Length
Year
Community
Subscriptions
Recent Discussions
Orange Saloon
Badges
Playlists
Quests
Create
Leaderboards
Showdown
Live 5
Trivia Bingo
Activity
Puzzle Library
Sporcle Events
Private Events
Virtual Trivia
Globe League
Become a Host
Pub Owners
SporcleCon
Opinionation
Our Games
Videos
Blog
Mobile Apps
Partnerships
Remove Ads and Go Orange
Feedback
Television
TV Characters
TV Show
Sitcom
Network
Friends
Reality Shows
Cast
South Park
Star Trek
The Simpsons
Doctor Who
Television
TV Characters
TV Show
Sitcom
Network
Friends
Reality Shows
Cast
South Park
Star Trek
The Simpsons
Doctor Who
Random Quiz
Search Sporcle
×
Quiz Lab
Quiz Lab
Television
pilot
Type in answers that appear in a list
Type in answers that appear in a list
Classic
Best Score? Go Orange.
Friends: Pilot Episode Stats
Can you name the Friends: Pilot Episode?
By
No1friendsfan
11m
25 Questions
117 Plays
117 Plays
117 Plays
Comments
Comments
Give Quiz Kudos
Give Quiz Kudos
-
- Ratings
hide this ad
Replay
Link that replays current quiz
Next Quiz
Link to next quiz in quiz playlist
You Got
0%
They Got
Avg Score
40%
Avg Friend Score
Upgrade to see
Score Distribution
Jump to the score distribution portion of the page
Score
0/25
Timer
11:00
0
Plays Today
% Correct
Who by?
Monica
83.8%
Whats Ross's first word?
Hi
71.8%
In the opening credits, who spits out water from the fountain
Chandler
69.2%
Who was Rachel about to marry?
Barry
68.4%
What is the name of Monica's date
Paul
65%
Who mouths the song in the opening credits?
Rachel
58.1%
Who was preparing it for her?
Ross
53.8%
What's his nickname?
Paul the wine guy
52.1%
What fictional character does he remind Rachel of?
Mr. Potato Head
51.3%
What colour cup she holding when explaining why shes in a wedding dress?
Yellow
48.7%
What was the first line in the episode?
There's nothing to tell
47%
Who wrote the theme tune?
The Rembrandts
46.2%
What is the first card Rachel cuts?
Library Card
45.3%
% Correct
What was she more attracted to then him?
A gravy--boat
39.3%
What is on the floor that Monica steps on
Paul's watch
38.5%
What did Carol always drink her beer in?
The can
33.3%
Why did Ross split with Carol
She was a lesbian
29.1%
What is the actual name of the Pilot episode?
The one where Monica gets A Roomate
28.2%
Whats the next line? Chandler: Pheebs wanna help out?
I wish I could but I don't want to
23.9%
Chandler and Joey build what at Ross's place
Bookcase
18.8%
What is dangling from Rachels wedding headband?
Jewel
13.7%
What piece of furniture is it next too?
The armchair
8.5%
What city did Chandler say at the end of the episode?
Viva Las Vegas
6%
When Rachel sat down, what did Monica say
Are you going to tell us now or are we waiting for three wet bridesmaids
3.4%
What type of tea did Rachel have?
Latte Decaf
3.4%
Quiz Playlist
Details
Report
Send in Message
Add To Playlist
Classic:
Type in answers that appear in a list
Last Updated: Feb 16, 2017
Quiz Scoreboard
CHALLENGE
Sign Up to Join the Scoreboard
Show All
Scores
Hide
Comments
May contain spoilers
Recently Published
Alphabetical 'K' Countries by Flag Minefield
by ylime102
Geography
3m
Pick 6: Fruits
by JohnFran
Miscellaneous
15s
Click the 1999 NBA Draft
by nibperrychub
Sports
2m
More to Explore
Quiz From the Vault
Featured Blog Post
15 Basketball Trivia Facts You Can Be March Mad About
hide this ad
You Might Also Like...
Tags
episode
pilot
Today's Top Quizzes in Television
Browse Television
hide this ad
Today's Top Quizzes in pilot
Browse pilot
Top Contributed Quizzes in Television
1
Hidden Simpsons Character
2
First Name TV: Leading Men
3
Hidden Simpsons Character XXIV
4
First Name TV: Leading Women Drama
5
Pick A Pair: Religious TV
6
Hidden Simpsons Character XXV
7
Hidden Simpsons Character XXVI
8
Demon Slayer Impossible Quiz
9
Hidden Simpsons Character II
10
One Piece Logic Puzzle
Explore More
Trending Topics
NBA
Disney
Harry Potter
Marvel
Anime
Crossword
Kpop
Soccer
Puzzle
The Office
WWE
Pokémon
NFL
Song
Country
hide this ad
More By:
No1friendsfan
Quiz
Plays
Rating
Category
Featured
Created
Friends Foods
210
1.22
Television
Dec 8, 2012
Friends: Pilot Episode
117
1.00
Television
Dec 6, 2012
Friends: TOW No-ones ready
76
1.00
Television
Dec 9, 2012
Go to Creator's Profile
Score Distribution
Quiz Creator Spotlight
No1friendsfan
Follow
Send a Message
Quizzes Created
-
Created Quiz Play Count
-
More By This Creator
Popular Quizzes Today
1
Countries of Asia Without Outlines Minefield
2
Find the US States - No Outlines Minefield
3
Pick 6: Fruits
4
Alphabetical 'K' Countries by Flag Minefield
5
The Countries of the World
6
Find the US States
7
US States
8
Find the Countries of Europe - No Outlines Minefield
More Television Quizzes
LogiCrossword: Rupaul's Drag Race Season 1
Quiz Lab
Trending Quizzes
Pick 6: Mountains
Pick 6: Harry Potter
Pick 6: Flags
Pick 6: NFL Teams
Pick 6: Movie Franchises
Recently Updated
NWSL Teams
pecheneg
Women's Final Four Teams by Year
bhenderson79
Presidents Quartet II
eogle
Anything But Clue(do)
eogle
Anything But Oceanian Capitals
eogle
Anything But 7
eogle
Anything But Thing
eogle
Word Ladder: February 29
pecheneg
Song Title Questions
pecheneg
Women's NCAA Tournament #1 Seeds
pecheneg
Trending Topics
Disney
Kpop
Crossword
Marvel
NBA
Anime
Harry Potter
The Office
Soccer
Country
WWE
Pokémon
Song
NFL
Puzzle
Your Account Isn't Verified!
In order to create a playlist on Sporcle, you need to verify the email address you used during registration. Go to your
Sporcle Settings
to finish the process.
Report this User
Report this user for behavior that violates our
Community Guidelines
.
Details:
Send Report
Go to the Sporcle.com Mobile Site →
Comments